000 00634nam a22002057a 4500
003 MPLRDC
005 20220105061103.0
008 210129b ||||| |||| 00| 0 eng d
020 _a978-983-149-013-6
082 _a859.2 KXLL v.8
100 _a合力出版(马)有限公司制作团队
245 _a十万个为什么 开心乐龙龙. 8
_c李惠星 文字编辑; 林伟明 等漫画
250 _a初版
260 _a马来西亚
_b合力出版(马)有限公司
_c2012
300 _b
490 _a十万个为什么
520 _a上架 2017-01-19
650 _a儿童百科全书
942 _cBK
_o859.2 KXLL v.8
999 _c68593
_d68583